Complete the Card - WWE No Mercy 2005 - Statistics

General Stats
  • This quiz has been taken 8 times
  • The average score is 13 of 23
Answer Stats
Answer % Correct
Batista
100%
Bob Orton
100%
Booker T
100%
Chris Benoit
100%
Eddie Guerrero
100%
Randy Orton
100%
The Undertaker
100%
John Bradshaw Layfield
80%
Rey Mysterio
80%
Joey Mercury
60%
Johnny Nitro
60%
Melina
60%
Heidenreich
40%
Mr. Kennedy
40%
Orlando Jordan
40%
Animal
20%
Bobby Lashley
20%
Christian
20%
Christy Hemme
20%
Hardcore Holly
20%
Juventud
20%
Nunzio
0%
Simon Dean
0%
No matching quizzes found
Score Distribution
Percent of People with Each Score
Percentile by Number Answered
Your Score History
You have not taken this quiz